Veterinary drugs : Synonyms & properties
This reference will be an invaluable companion for animal and livestock veterinarians, pharmaceutical researchers, government food and drug regulators, food safety and public health specialists and biologists who, starting with a single synonym or trade name for a veterinary agent, will be able to q...
Na minha lista:
| Formato: | Livro |
|---|---|
| Idioma: | Undetermined |
| Publicado em: |
Hampshire, England
Ashgate
2002
|
| Assuntos: | |
| Tags: |
Adicionar Tag
Sem tags, seja o primeiro a adicionar uma tag!
|
| Thư viện lưu trữ: | Trung tâm Học liệu Trường Đại học Cần Thơ |
|---|
| LEADER | 00901nam a2200205Ia 4500 | ||
|---|---|---|---|
| 001 | CTU_164150 | ||
| 008 | 210402s9999 xx 000 0 und d | ||
| 020 | |c 137.00 | ||
| 082 | |a 636.08951 | ||
| 082 | |b V585 | ||
| 245 | 0 | |a Veterinary drugs : | |
| 245 | 0 | |b Synonyms & properties | |
| 245 | 0 | |c Edited by G. W. A. Milne | |
| 260 | |a Hampshire, England | ||
| 260 | |b Ashgate | ||
| 260 | |c 2002 | ||
| 520 | |a This reference will be an invaluable companion for animal and livestock veterinarians, pharmaceutical researchers, government food and drug regulators, food safety and public health specialists and biologists who, starting with a single synonym or trade name for a veterinary agent, will be able to quickly find a thumbnail sketch of essential information. | ||
| 650 | |a Veterinary drugs,Thuốc thú y | ||
| 904 | |i Thoa, Hải | ||
| 980 | |a Trung tâm Học liệu Trường Đại học Cần Thơ | ||